000 01273nam a2200289 a 4500
001 BRCA_2423
005 20190320203812.0
008 041208s1897----sp-a---###---#000-0#spa-u
041 _aspa
044 _asp
084 _a228
_b.T37
_c1897
100 1 _aCervantes Saavedra, Miguel de
_d1547-1616
_9213
245 1 0 _aEl Ingenioso Hidalgo Don Quijote de la Mancha
_cMiguel de Cervantes Saavedra.
260 _aBarcelona
_bLuis Tasso Serra
_c[1897]
300 _a792 p.
_bil.
_c23 cm.
500 _aContenido : Primera parte. Dedicatoria del autor. Prólogo del autor. Versos preliminares. Texto. Segunda parte. Dedicatoria del autor. Prólogo del autor. Texto
500 _aEdición : Dibujos de Gustavo Doré. Reproducciones foto-zincográficas
500 _aEjemplar enteramente igual al LO-227. Magníficamente encuadernado en piel; planos orlados y lomera decorada con adornos dorados Lúdovik Osterc
500 _aQM220
650 1 4 _aNovela española
_yÉpoca clásica, 1500-1700
_9215
650 1 4 _aLiteratura española
_yÉpoca clásica, 1500-1700
_9216
650 1 4 _aNovela española
_ySiglo XVII
_9217
650 1 4 _aDon Quijote (Personaje ficticio)
_eNovela
_9218
740 0 _aEl Ingenioso Hidalgo Don Quijote de la Mancha
902 _aQFM
942 _2lcc
_cB
999 _c2164
_d2164